Grammar dimensions 1: form-meaning-use
Uloženo v:
| Hlavní autor: | |
|---|---|
| Médium: | Kniha |
| Jazyk: | angličtina |
| Vydáno: |
Boston
Heinle Cengage Learning
2008
|
| Vydání: | 4a. ed |
| Edice: | Workbook
|
| Témata: | |
| Tagy: |
Přidat tag
Žádné tagy, Buďte první, kdo vytvoří štítek k tomuto záznamu!
|
MARC
| LEADER | 00000nam a2200000 a 4500 | ||
|---|---|---|---|
| 001 | UCG6025 | ||
| 003 | CL-VaPUC | ||
| 008 | 110331e20080000US |||||||||||||||||eng|d | ||
| 020 | |a 9781424003525 | ||
| 082 | 0 | 4 | |a 425 |b BEN |2 21 |
| 100 | 0 | |a Benz, Cheryl |e author |9 556032 | |
| 245 | 1 | 0 | |a Grammar dimensions 1: form-meaning-use |
| 250 | |a 4a. ed | ||
| 300 | |a 179 p | ||
| 942 | |c BK | ||
| 945 | |d 20110331 00:00:00 |a jcampos | ||
| 260 | |a Boston |b Heinle Cengage Learning |c 2008 | ||
| 650 | 0 | |a Gramática inglesa |9 392981 | |
| 650 | 0 | |a Lengua inglesa |9 453712 | |
| 650 | 0 | |a Comprensión de lectura |9 307588 | |
| 650 | 0 | |a Expresión escrita |9 334816 | |
| 583 | |a last modification |c 20110331 00:00:00 |k Rodrigo Vera | ||
| 490 | 0 | |a Workbook | |
| 999 | |c 344347 |d 344345 | ||
| 952 | |0 0 |1 0 |4 0 |6 425_000000000000000_BEN_2008 |7 0 |8 A |9 442269 |a BIBEDU |b BIBEDU |d 2019-11-22 |i 4760158 |l 5 |o 425 BEN 2008 |p 4760158 |r 2024-09-30 |s 2024-09-23 |w 2019-11-22 |y BK |k LIT | ||